00328nam a2200109Ia 4500008004100000082000800041100001900049245003000068942000600098952009900104999001500203240331s9999 xx 000 0 und d bARU aArunachalam, K 0aMalayaka Thamil ilakkiyam cL 001040708LaWERCLbWERCLcSSCd2024-03-31l0o 894.811 ARUp2891r2024-03-31w2024-03-31yL c3861d3861